000 00775nam a22002777a 4500
001 275
003 FISKH
005 20230825150913.0
008 230314b cb ||||| |||| 00| 0 eng d
020 _a9781407101040
040 _aFISKH
_beng
_cFISKH
_dFISKH
050 _aPZ7
082 _a306
100 _aWong, Keira
245 _aMutiny on halycrus /
_cby Keira Wong ; illustrated by Douglas Fong
260 _aSingapore :
_bScholastic,
_c2009
300 _a48 pages
_c20 cm
490 _3Out of this world
505 _aK
520 _aGraphic Novel. A fantastic new primary school aged childrens series from Macmillan Education. 10 yrs+
521 8 _a510
_bLexile
521 8 _aK
_bRaz-Plus
650 _aComics
650 _aComic Books
942 _2ddc
_cBK
_n0
999 _c275
_d275